Chinese drama supplements and dramatic criticism in pre-war Singapore and Malaya (1924-1941) = Zhan qian xin ma de xi ju fu kan yu xi ju ping lun /
Saved in:
| Main Author: | |
|---|---|
| Format: | Thesis Book |
| Language: | Chinese |
| Published: |
1994.
|
| Subjects: | |
| Tags: |
Add Tag
No Tags, Be the first to tag this record!
|
| LEADER | 01329cam a2200313 a 4500 | ||
|---|---|---|---|
| 001 | u368949 | ||
| 003 | SIRSI | ||
| 008 | 950313s1994 si v 00 1 chi m | ||
| 035 | |a ABV-3124 | ||
| 040 | |a UMM | ||
| 041 | |a chi |b eng | ||
| 043 | |a a-my--- |a -si--- | ||
| 090 | |a PL3119 |b M4Qua | ||
| 100 | 1 | 0 | |a Ke, Si Ren. |
| 245 | 1 | 0 | |a Chinese drama supplements and dramatic criticism in pre-war Singapore and Malaya (1924-1941) = |b Zhan qian xin ma de xi ju fu kan yu xi ju ping lun / |c Quah Sy Ren. |
| 260 | |c 1994. | ||
| 300 | |a v, 130 leaves : |b ill. ; |c 30 cm. | ||
| 500 | |a Text in Chinese with summary in English. | ||
| 502 | |a Dissertation (M.A.) -- National University of Singapore, 1994. | ||
| 504 | |a Bibliography: leaves 128-130. | ||
| 650 | 0 | |a Dramatic criticism |z Singapore. | |
| 650 | 0 | |a Malaysian drama (Chinese) |x History and criticism |y 20th century. | |
| 650 | 0 | |a Singapore drama (Chinese) |x History and criticism |y 20th century. | |
| 650 | 0 | |a Malaysian newspapers (Chinese) |x Sections, columns, etc. |x Dramatic criticism | |
| 650 | 0 | |a Singapore newspapers (Chinese) |x Sections, columns, etc. |x Dramatic criticism | |
| 740 | 0 | 0 | |a Zhan qian xin ma de xi ju fu kan yu xi ju ping lun. |
| 948 | |a 13/03/1995 |b 10/04/2004 | ||
| 596 | |a 1 | ||
| 999 | |a PL3119 M4QUA |w LC |c 1 |i A504844771 |d 17/10/2001 |l STACKS |m P01UTAMA |n 5 |r Y |s Y |t TESIS |u 29/8/1995 | ||
